Reporting technical information / (Record no. 549655)
[ view plain ]
| 000 -LEADER | |
|---|---|
| fixed length control field | 00671pam a2200193 a 4500 |
| 020 ## - INTERNATIONAL STANDARD BOOK NUMBER | |
| International Standard Book Number | 0205272215 |
| 082 00 - DEWEY DECIMAL CLASSIFICATION NUMBER | |
| Classification number | 808.0666 |
| Author Mark | HOU |
| -- | D |
| 100 1# - MAIN ENTRY--PERSONAL NAME | |
| Personal name | Houp, Kenneth W., |
| 245 10 - TITLE STATEMENT | |
| Title | Reporting technical information / |
| Statement of responsibility, etc. | Kenneth W. Houp, Thomas E. Pearsall, Elizabeth Tebeaux ; contributing authors, San Dragga, Janice C. Redish. |
| 250 ## - EDITION STATEMENT | |
| Edition statement | 9th ed. |
| 260 ## - PUBLICATION, DISTRIBUTION, ETC. | |
| Place of publication, distribution, etc. | Boston : |
| Name of publisher, distributor, etc. | Allyn and Bacon, |
| Date of publication, distribution, etc. | c1998. |
| 300 ## - PHYSICAL DESCRIPTION | |
| Extent | xxvii, 700 p. : |
| Other physical details | ill. (some col.) ; |
| Dimensions | 24 cm. |
| 526 ## - STUDY PROGRAM INFORMATION NOTE | |
| Program name | 0 |
| Interest level | 0 |
| Reading level | 0 |
| Title point value | 808_066600000000000_HOU |
| 650 #0 - SUBJECT ADDED ENTRY--TOPICAL TERM | |
| Topical term or geographic name entry element | MCE |
| 9 (RLIN) | 379 |
| 650 #0 - SUBJECT ADDED ENTRY--TOPICAL TERM | |
| Topical term or geographic name entry element | Technical writing. |
| 9 (RLIN) | 7391 |
| 700 1# - ADDED ENTRY--PERSONAL NAME | |
| Personal name | Pearsall, Thomas E. |
| 9 (RLIN) | 46285 |
| 700 1# - ADDED ENTRY--PERSONAL NAME | |
| Personal name | Tebeaux, Elizabeth. |
| 9 (RLIN) | 46286 |
| 942 ## - ADDED ENTRY ELEMENTS (KOHA) | |
| Source of classification or shelving scheme | |
| Koha item type | Book |
| Withdrawn status | Lost status | Source of classification or shelving scheme | Damaged status | Not for loan | Permanent Location | Current Location | Date acquired | Total Checkouts | Full call number | Barcode | Date last seen | Date last checked out | Price effective from | Koha item type |
|---|---|---|---|---|---|---|---|---|---|---|---|---|---|---|
| Military College of Engineering (MCE) | Military College of Engineering (MCE) | 10/02/2014 | 1 | 808.0666 HOU | MCE-39267 | 02/14/2019 | 10/20/2014 | 10/02/2014 | Book |
